Central Library OPAC University of Rajshahi
Normal view MARC view

Entry Topical Term

Number of records used in: 2

001 - CONTROL NUMBER

  • control field: 3975

003 - CONTROL NUMBER IDENTIFIER

  • control field: BD-RjUL

005 - DATE AND TIME OF LATEST TRANSACTION

  • control field: 20220630160609.0

008 - FIXED-LENGTH DATA ELEMENTS

  • fixed length control field: 220630|| aca||aabn | a|a d

040 ## - CATALOGING SOURCE

  • Original cataloging agency: BD-RjUL
  • Transcribing agency: BD-RjUL

150 ## - HEADING--TOPICAL TERM

  • Topical term or geographic name entry element: bn Khaldūn,
  • Form subdivision: Kitāb al-ʿibar. -- Muqaddimah.
  • Chronological subdivision: 1332-1406

670 ## - SOURCE DATA FOUND

  • Source citation: Work cat.: (BD-RjUL)80072: فروخ، عمر، 1906-1987 2085, كلمة فى ابن خلدون ومقدمته [Kalimah fī Ibn Khaldūn wa-muqaddimatih] /, ١٣٧٠هج ١٩٥١م.